00259nam a2200097Ia 4500008004100000100002200041245005800063260002300121260000900144300000800153170620s9999 xx 000 0 und d aJain.Deepak/Major 0aEncyclopaedia of Tech.and Coaching Physical Education bNew delhi.Khel.S.k c2001 a380